Environmental perception of slum dwellers / (Record no. 130830)

MARC details
000 -LEADER
fixed length control field 00784nam a22002417a 4500
005 - DATE AND TIME OF LATEST TRANSACTION
control field 20170124110117.0
010 ## - LIBRARY OF CONGRESS CONTROL NUMBER
LC control number B-190963
020 ## - INTERNATIONAL STANDARD BOOK NUMBER
Terms of availability 295.00
International Standard Book Number 8170999507
035 ## - SYSTEM CONTROL NUMBER
System control number B-190963
037 ## - SOURCE OF ACQUISITION
Source of stock number/acquisition Cen Lib/Ret
040 ## - CATALOGING SOURCE
Original cataloging agency DPL
Language of cataloging EN
082 ## - DEWEY DECIMAL CLASSIFICATION NUMBER
Classification number 363.729
Item number HEM
100 ## - MAIN ENTRY--PERSONAL NAME
Personal name Hema, B.
9 (RLIN) 30207
245 ## - TITLE STATEMENT
Title Environmental perception of slum dwellers /
Statement of responsibility, etc by B.Hema [and] Shagufta Jamal
260 ## - PUBLICATION, DISTRIBUTION, ETC. (IMPRINT)
Place of publication, distribution, etc New Delhi
Name of publisher, distributor, etc Mittal Publications
Date of publication, distribution, etc 2004
270 ## - ADDRESS
City New Delhi
Address A-110, Mohan Garden
Postal code 110059
300 ## - PHYSICAL DESCRIPTION
Extent xii,118p. :
Dimensions 21cm(Hb)
Other physical details ill.
500 ## - GENERAL NOTE
General note Includes bibliographical references and index
650 ## - SUBJECT ADDED ENTRY--TOPICAL TERM
Topical term or geographic name as entry element Ecology -- Public opinion
9 (RLIN) 30208
650 ## - SUBJECT ADDED ENTRY--TOPICAL TERM
Topical term or geographic name as entry element Geographical perception
9 (RLIN) 30209
700 ## - ADDED ENTRY--PERSONAL NAME
Personal name Shagufta Jamal
9 (RLIN) 30210
942 ## - ADDED ENTRY ELEMENTS (KOHA)
Source of classification or shelving scheme Dewey Decimal Classification
Koha item type English Books
Classification part 363.729
Call number suffix HEM
Holdings
Withdrawn status Lost status Damaged status Not for loan Home library Current library Date acquired Source of acquisition Cost, normal purchase price Total Checkouts Full call number Barcode Date last seen Copy number Cost, replacement price Price effective from Koha item type
        Central Library Central Library 10/07/2015 Cen Lib/Ret 295.00   363.729 HEM B-190963 10/07/2015 1 295.00 10/07/2015 English Books

© Delhi Public Library
Hit Counter
free hit counter